Представление документа в формате RUSMARC

ПолеНазваниеЗначение
  Тип записи c
  Библиографический уровень m
001 Контрольный номер RU/УОНБ/EK_N/672403950
005 Дата корректировки 20260424155733.3
010 Индекс ISBN __
9 Тираж 14000 экз.
013 Номер (ISMN) __
d Цена 80 р.
071 Издательские номер (звукозапись и ноты) 21
a Номер, присвоенный агентством 14679
100 Данные общей обработки __
a Данные общей обработки 20210422d1991 a y0rusy0189 ca
101 Язык документа 0_
a Язык текста rus
f Язык титульного листа rus
102 Страна публикации __
a Страна публикации RU
125 Кодированные данные звукозаписи и нотных изданий __
a Форма изложения нотного текста с|
128 Кодированные данные (звукозаписи-физические характеристики) __
a Кодированные данные: Музыкальная форма и тональность или лад zz
c Инструменты или голоса, рекомендуемые для солистов (устаревшее) kt||
200 Заглавие и сведения об ответственности 1_
a Заглавие Хрестоматия по аккомпаниаторской практике
e Сведения, относящиеся к заглавию баян, аккордеон
f Первые сведения об ответственности составители, авторы предисловия и переложений Б. Егоров и Г. Левкодимов
203 Вид содержания и тип средства __
a Вид содержания Музыка
b Характеристика содержания знаковая
c Тип средства непосредственная
210 Выходные данные 1_
a Место издания Москва
c Издательство Музыка
d Дата издания 1991
215 Физическое описание __
a Объем 141 с.
d Формат 29 см
225 Серия 1_
a Серия Педагогический репертуар. Музыкальное училище
327 Примечание о содержании 11
a Примечание о содержании Содерж.: Пьесы для балалайки : Глинка М. Что, красотка молодая ; Славься : заключ. хор из оперы "Иван Сусанин" ; Андалузский танец. Как за морем диво : рус. нар. песня / обраб. А. Лядова. Їхав козак на вiйноньку : укр. нар. песня / обраб. А. Илюхина. Припевка : рус. нар. песня / обраб. Ю. Блинова. Микита : белорус. нар. танец. Сеяли гурали : пол. нар. песня. Гедике А. Русская. Камалдинов Г. Плясовая. На Иванушке чапан : рус. нар. песня. Тимоня : курская плясовая. - Блинов Ю. Колыбельная. Прокофьев С. Песня. Грибоедов А. Вальс. Чайковский П. Неаполитанский танец из балета "Лебединое озеро". Андреев В. Искорки : вальс. Вебер К. М. Хор охотников : из оперы "Волшебный стрелок". Гайдн Й. Менуэт. Корелли А. Гавот. - Чайкин Н. У околицы. Пьесы для домры : Как ходил, гулял Ванюша : рус. нар. песня. Гусачок : рус. нар. танец. Ой, лопнув обруч : укр. нар. песня. Моцарт В. А. Вальс ; Менуэт. Ой, пущу я кониченька : укр. нар. песня. Рамо Ж. Ф. Менуэт. Шуман Р. Весёлый крестьянин : из "Альбома для юношества". Хренников Т. Как соловей о розе : песня из спектакля "Много шума из ничего". Кабалевский Д. Артековская полька. Шостакович Д. Маленький марш ; Контрданс. Россини Дж. Хор тирольцев из оперы "Вильгельм Телль". - Бах И. С. Сицилиана из "Сонаты № 2 для флейты и фп". Аренский А. Журавель. Гурилёв А. Полька-мазурка. Варламов А. Что ты рано, травушка... Корелли А. Сарабанда. Глазунов А. Пиццикато из балета "Раймонда". Шалаев А. Фантазия на тему русской народной песни "У зари-то, у зореньки" : фрагмент. Калинка ; Я на камушке сижу : рус. нар. песни. Захаров В. Колхозная полька. Песни и романсы для голоса : Ах! Не одна во поле дороженька... : рус. нар. песня / обраб. К. Вильбоа. Над полями да над чистыми : рус. нар. песня / обраб. А. Зорина. Степь да степь кругом : рус. нар. песня / обраб. А. Живцова. Расчешу ль я головушку : рус. нар. песня. Вот мчится тройка удалая : рус. нар. песня / сл. Ф. Глинки. Потеряла я колечко : рус. нар. песня / обраб. И. Ильина. Выхожу один я на дорогу : рус. нар. песня / сл. М. Лермонтова. Хуторок : рус. нар. песня / сл. А. Кольцова. Что ты жадно глядишь на дорогу... : рус. нар. песня / сл. Н. Некрасова. Дивлюсь я не небо : укр. нар. песня / сл. М. Петренко. Выходили красны девицы : рус. нар. песня / обраб. А. Лядова. Гурилёв А. Колокольчик / сл. И. Макарова ; Я говорил при расставаньи... / сл. А. Фета ; Разлука / сл. А. Кольцова ; Сердце-игрушка / сл. Э. Губера. Булахов П. Нет, не люблю я вас! / сл. Зименко ; Колокольчики мои / сл. А. К. Толстого. Варламов А. Белеет парус одинокий ; Горные вершины / сл. М. Лермонтова. Алябьев А. Соловей / сл. А. Дельвига. Глинка М. В крови горит огонь желанья / сл. А. Пушкина. Шуберт Ф. Серенада / сл. Л. Рельштаба ; пер. Н. Огарёва ; В путь : из цикла "Прекрасная мельничиха" / сл. В. Мюллера ; пер. И. Тюменева. Даргомыжский А. Мне грустно... / сл. М. Лермонтова. Шуман Р. Я не сержусь : из цикла песен "Любовь поэта" / сл. Г. Гейне ; пер. Ф. Берга. Чайковский П. Средь шумного бала / сл. А. К. Толстого. Римский-Корсаков Н. Октава / сл. А. Майкова. Ирадье С. Голубка / рус. текст Т. Сикорской. Рамирес А. Странники / сл. Ф. Луны ; пер. В. Трякина. Леннон Дж., Маккартни П. Мишель / сл. Дж. Леннона и П. Маккартни ; пер. В. Татаринова. Намин С. Мы желаем счастья вам! / сл. И. Шаферана. Пономаренко Г. Ивушка / сл. В. Алферова. Темнов В. Вербы / сл. О. Левицкого. Мокроусов Б. Одинокая гармонь / сл. М. Исаковского. Блантер М. Лучше нету того цвету / сл. М. Исаковского ; Черноглазая казачка / сл. И. Сельвинского. Соловьёв-Седой В. Услышь меня, хорошая... / сл. М. Исаковского. Слонов Ю. Волжанка / сл. А. Пришельца. Петров А. Я шагаю по Москве : песня из кф. "Я шагаю по Москве" / сл. Г. Шпаликова. Шаинский В. Уголок России / сл. Е. Шевелёвой. Дунаевский И. Моя Москва / сл. М. Лисянского
464 Аналитический уровень _0
1 2001
a Что, красотка молодая
1 700 1
a Глинка
b М.
464 Аналитический уровень _0
1 702 1
a Лядов
b А.
4 030
1 2001
a Как за морем диво
e русская народная песня
464 Аналитический уровень _0
1 702 1
a Илюхин
b А.
4 030
1 2001
a Їхав козак на вiйноньку
e украинская народная песня
464 Аналитический уровень _0
1 702 1
a Блинов
b Ю.
4 030
1 2001
a Припевка
e русская народная песня
464 Аналитический уровень _0
1 2001
a Микита
e белорусский народный танец
464 Аналитический уровень _0
1 2001
a Сеяли гурали
e польская народная песня
464 Аналитический уровень _0
1 2001
a Русская
1 700 1
a Гедике
b А.
464 Аналитический уровень _0
1 2001
a Плясовая
1 700 1
a Камалдинов
b Г.
464 Аналитический уровень _0
1 2001
a На Иванушке чапан
e русская народная песня
464 Аналитический уровень _0
1 2001
a Тимоня
e курская плясовая
464 Аналитический уровень _0
1 2001
a Колыбельная
1 700 1
a Блинов
b Ю.
464 Аналитический уровень _0
1 2001
a Песня
1 700 1
a Прокофьев
b С.
464 Аналитический уровень _0
1 2001
a Вальс
1 700 1
a Грибоедов
b А.
464 Аналитический уровень _0
1 2001
a Неаполитанский танец
e из балета "Лебединое озеро"
1 700 1
a Чайковский
b П.
1 50010
a Лебединое озеро
464 Аналитический уровень _0
1 2001
a Искорки
e вальс
1 700 1
a Андреев
b В.
464 Аналитический уровень _0
1 700 1
a Вебер
b К. М.
1 2001
a Хор охотников из оперы "Волшебный стрелок"
1 50010
a Волшебный стрелок
464 Аналитический уровень _0
1 2001
a Менуэт
1 700 1
a Гайдн
b Й.
464 Аналитический уровень _0
1 2001
a Гавот
1 700 1
a Корелли
b А.
464 Аналитический уровень _0
1 2001
a У околицы
1 700 1
a Чайкин
b Н.
464 Аналитический уровень _0
1 2001
a Как ходил, гулял Ванюша
e русская народная песня
464 Аналитический уровень _0
1 2001
a Гусачок
e русская народный танец
464 Аналитический уровень _0
1 2001
a Ой, лопнув обруч
e украинская народная песня
464 Аналитический уровень _0
1 2001
a Вальс
1 700 1
a Моцарт
b В. А.
464 Аналитический уровень _0
1 2001
a Ой, пущу я кониченька
e украинская народная песня
464 Аналитический уровень _0
1 2001
a Менуэт
1 700 1
a Рамо
b Ж. Ф.
464 Аналитический уровень _0
1 700 1
a Шуман
b Р.
1 2001
a Весёлый крестьянин
e из "Альбома для юношества"
1 50010
a Альбом для юношества
464 Аналитический уровень _0
1 2001
a Как соловей о розе
e песня из спектакля "Много шума из ничего"
1 700 1
a Хренников
b Т.
1 50010
a Много шума из ничего
464 Аналитический уровень _0
1 2001
a Артековская полька
1 700 1
a Кабалевский
b Д.
464 Аналитический уровень _0
1 2001
a Маленький марш
1 700 1
a Шостакович
b Д.
464 Аналитический уровень _0
1 700 1
a Россини
b Дж.
1 2001
a Хор тирольцев из оперы "Вильгельм Телль"
1 50010
a Вильгельм Телль
464 Аналитический уровень _0
1 700 1
a Бах
b И. С.
1 2001
a Сицилиана из "Сонаты № 2 для флейты и фортепиано"
1 50010
a Соната № 2 для флейты и фортепиано
464 Аналитический уровень _0
1 2001
a Журавель
1 700 1
a Аренский
b А.
464 Аналитический уровень _0
1 2001
a Полька-мазурка
1 700 1
a Гурилёв
b А.
464 Аналитический уровень _0
1 2001
a Что ты рано, травушка...
1 700 1
a Варламов
b А.
464 Аналитический уровень _0
1 2001
a Сарабанда
1 700 1
a Корелли
b А.
464 Аналитический уровень _0
1 700 1
a Глазунов
b А.
1 2001
a Пиццикато из балета "Раймонда"
1 50010
a Раймонда
464 Аналитический уровень _0
1 700 1
a Шалаев
b А.
1 2001
a Фантазия на тему русской народной песни "У зари-то, у зореньки"
e фрагмент
1 50010
a У зари-то, у зореньки
464 Аналитический уровень _0
1 2001
a Калинка
e русская народная песня
464 Аналитический уровень _0
1 2001
a Колхозная полька
1 700 1
a Захаров
b В.
464 Аналитический уровень _0
1 702 1
a Вильбоа
b К.
4 030
1 2001
a Ах! Не одна во поле дороженька...
e русская народная песня
464 Аналитический уровень _0
1 702 1
a Зорин
b А.
4 030
1 2001
a Над полями да над чистыми
e русская народная песня
464 Аналитический уровень _0
1 702 1
a Живцов
b А.
4 030
1 2001
a Степь да степь кругом
e русская народная песня
464 Аналитический уровень _0
1 2001
a Расчешу ль я головушку
e русская народная песня
464 Аналитический уровень _0
1 702 1
a Глинка
b Ф.
4 520
1 2001
a Вот мчится тройка удалая
e русская народная песня
464 Аналитический уровень _0
1 702 1
a Ильин
b И.
4 030
1 2001
a Потеряла я колечко
e русская народная песня
464 Аналитический уровень _0
1 702 1
a Лермонтов
b М.
4 520
1 2001
a Выхожу один я на дорогу
e русская народная песня
464 Аналитический уровень _0
1 036
t За рекой, на горе...
1 702 1
a Кольцов
b А.
4 520
1 2001
a Хуторок
e русская народная песня
464 Аналитический уровень _0
1 702 1
a Некрасов
b Н.
1 2001
a Что ты жадно глядишь на дорогу...
e русская народная песня
464 Аналитический уровень _0
1 702 1
a Петренко
b М.
4 520
1 2001
a Дивлюсь я не небо
e украинская народная песня
464 Аналитический уровень _0
1 702 1
a Лядов
b А.
4 030
1 2001
a Выходили красны девицы
e русская народная песня
464 Аналитический уровень _0
1 2001
a Колокольчик
e Однозвучно гремит колокольчик...
1 700 1
a Гурилёв
b А.
1 702 1
a Макаров
b И.
4 520
464 Аналитический уровень _0
1 700 1
a Булахов
b П.
1 702 1
a Зименко
4 520
1 2001
a Нет, не люблю я вас!
464 Аналитический уровень _0
1 700 1
a Варламов
b А.
1 702 1
a Лермонтов
b М.
4 520
1 2001
a Белеет парус одинокий
464 Аналитический уровень _0
1 036
t Соловей мой, соловей, голосистый соловей...
1 700 1
a Алябьев
b А.
1 702 1
a Дельвиг
b А.
4 520
1 2001
a Соловей
464 Аналитический уровень _0
1 700 1
a Глинка
b М.
1 702 1
a Пушкин
b А.
4 520
1 2001
a В крови горит огонь желанья
464 Аналитический уровень _0
1 036
t Песнь моя летит с мольбою...
1 700 1
a Шуберт
b Ф.
1 702 1
a Рельштаб
b Л.
4 520
1 702 1
a Огарёв
b Н.
4 730
1 2001
a Серенада
464 Аналитический уровень _0
1 700 1
a Даргомыжский
b А.
1 702 1
a Лермонтов
b М.
4 520
1 2001
a Мне грустно...
464 Аналитический уровень _0
1 700 1
a Шуман
b Р.
1 702 1
a Гейне
b Г.
4 520
1 702 1
a Берг
b Ф.
4 730
1 2001
a Я не сержусь
e из цикла песен "Любовь поэта"
1 50010
a Любовь поэта
464 Аналитический уровень _0
1 700 1
a Чайковский
b П.
1 702 1
a Толстой
b А. К.
4 520
1 2001
a Средь шумного бала
464 Аналитический уровень _0
1 036
t Гармонии стиха божественные тайны...
1 700 1
a Римский-Корсаков
b Н.
1 702 1
a Майков
b А.
4 520
1 2001
a Октава
464 Аналитический уровень _0
1 036
t Когда из родной Гаваны...
1 700 1
a Ирадье
b С.
1 702 1
a Сикорская
b Т.
4 730
1 2001
a Голубка
464 Аналитический уровень _0
1 036
t По степям и дубравам...
1 700 1
a Рамирес
b А.
1 702 1
a Луна
b Ф.
4 520
1 702 1
a Трякин
b Ф.
4 730
1 2001
a Странники
464 Аналитический уровень _0
1 036
t Мишель, Мишель, ну, скажи...
1 700 1
a Леннон
b Дж.
1 701 1
a Маккартни
b П.
1 702 1
a Леннон
b Дж.
4 520
1 702 1
a Маккартни
b П.
4 520
1 702 1
a Татаринов
b В.
4 520
1 2001
a Мишель
464 Аналитический уровень _0
1 036
t В мире, где кружится снег шальной...
1 700 1
a Намин
b С.
1 702 1
a Шаферан
b И.
4 520
1 2001
a Мы желаем счастья вам!
464 Аналитический уровень _0
1 036
t Зорька золотая светит за рекой...
1 700 1
a Пономаренко
b Г.
1 702 1
a Алферов
b В.
4 520
1 2001
a Ивушка
464 Аналитический уровень _0
1 036
t Журавли летят в закаты...
1 700 1
a Темнов
b В.
1 702 1
a Левицкий
b О.
4 520
1 2001
a Вербы
464 Аналитический уровень _0
1 036
t Снова замерло всё до рассвета...
1 700 1
a Мокроусов
b Б.
1 702 1
a Исаковский
b М.
4 520
1 2001
a Одинокая гармонь
464 Аналитический уровень _0
1 700 1
a Блантер
b М.
1 702 1
a Исаковский
b М.
4 520
1 2001
a Лучше нету того цвету
464 Аналитический уровень _0
1 700 1
a Соловьёв-Седой
b В.
1 702 1
a Исаковский
b М.
4 520
1 2001
a Услышь меня, хорошая...
464 Аналитический уровень _0
1 036
t Над водой берёзки, ёлки...
1 700 1
a Слонов
b Ю.
1 702 1
a Пришелец
b А.
4 520
1 2001
a Волжанка
464 Аналитический уровень _0
1 036
t Бывает всё на свете хорошо...
1 700 1
a Петров
b А.
1 702 1
a Шпаликов
b Г.
4 520
1 2001
a Я шагаю по Москве
e песня из кинофильма "Я шагаю по Москве"
1 50010
a Я шагаю по Москве
464 Аналитический уровень _0
1 036
t Простор небесный сизокрыл...
1 700 1
a Шаинский
b В.
1 702 1
a Шевелёва
b Е.
4 520
1 2001
a Уголок России
464 Аналитический уровень _0
1 036
t Я по свету немало хаживал...
1 700 1
a Дунаевский
b И.
1 702 1
a Лисянский
b М.
4 520
1 2001
a Моя Москва
464 Аналитический уровень _0
1 700 1
a Глинка
b М.
1 2001
a Славься
e заключительный хор из оперы "Иван Сусанин"
1 50010
a Иван Сусанин
464 Аналитический уровень _0
1 2001
a Андалузский танец
1 700 1
a Глинка
b М.
464 Аналитический уровень _0
1 2001
a Менуэт
1 700 1
a Моцарт
b В. А.
464 Аналитический уровень _0
1 2001
a Маленький марш
1 700 1
a Шостакович
b Д.
464 Аналитический уровень _0
1 2001
a Контрданс
1 700 1
a Шостакович
b Д.
464 Аналитический уровень _0
1 2001
a Я на камушке сижу
e русская народная песня
464 Аналитический уровень _0
1 700 1
a Гурилёв
b А.
1 702 1
a Фет
b А.
4 520
1 2001
a Я говорил при расставаньи...
464 Аналитический уровень _0
1 2001
a Разлука
e На заре туманной юности...
1 700 1
a Гурилёв
b А.
1 702 1
a Кольцов
b А.
4 520
464 Аналитический уровень _0
1 036
t Поиграли бедной волею...
1 700 1
a Гурилёв
b А.
1 702 1
a Губер
b Э.
4 520
1 2001
a Сердце-игрушка
464 Аналитический уровень _0
1 700 1
a Булахов
b П.
1 702 1
a Толстой
b А. К.
4 520
1 2001
a Колокольчики мои
464 Аналитический уровень _0
1 036
t Горные вершины спят во тьме ночной...
1 700 1
a Варламов
b А.
1 702 1
a Лермонтов
b М.
4 520
1 2001
a Горные вершины
464 Аналитический уровень _0
1 036
t В движенье мельник жизнь ведёт...
1 700 1
a Шуберт
b Ф.
1 702 1
a Мюллер
b В.
4 520
1 702 1
a Тюменев
b И.
4 730
1 2001
a В путь
e из цикла "Прекрасная мельничиха"
464 Аналитический уровень _0
1 036
t Черноглазая казачка подковала мне коня...
1 700 1
a Блантер
b М.
1 702 1
a Сельвинский
b И.
4 520
1 2001
a Черноглазая казачка
606 Тематические рубрики 0_
a Основная рубрика Баян в музыкальном училище
j Формальный подзаголовок Хрестоматии
606 Тематические рубрики 0_
a Основная рубрика Аккордеон в музыкальном училище
610 Ключевые слова 0_
a Ключевые слова баян
610 Ключевые слова 0_
a Ключевые слова аккордеон
610 Ключевые слова 0_
a Ключевые слова хрестоматии
686 Индексы других классификаций __
a Классификационный индекс 85.954.693
2 Код системы rubbk
702 Вторичная интеллектуальная ответственность _1
a Фамилия Егоров
b Имя (инициалы) Б. М.
g Полное личное имя Борис Михайлович
4 Код отношения 080
4 Код отношения 030
4 Код отношения 220
702 Вторичная интеллектуальная ответственность _1
a Фамилия Левкодимов
b Имя (инициалы) Г. Е.
g Полное личное имя Геннадий Евгеньевич
4 Код отношения 030
801 Источник записи _0
a Страна RU
b Организация Ульяновская ОНБ
c Дата составления 20210422
g Правила каталогизации RCR
801 Источник записи _1
a Страна RU
b Организация Ульяновская ОНБ
c Дата составления 20210422
g Правила каталогизации RCR
901 Тип документа __
t Тип документа m
909 Создатель записи __
a Создатель записи Лобина Л. И.
938 Служебная информация __
a Имя БД noti
b Имя библиотеки УОНБ
c Имя АИБС МАРК-SQL
d Номер DOC_ID в БД 23829